000
00318 a2200157 4500
001
181651
020
_a
040
_c
Magnum
100
_a
Aubry, Jean-Marie
240
1
0
_a
Dinamica de grupo
_l
por
245
1
0
_a
Dinamica de grupo
362
0
_a
1899
440
1
_a
Loyola
697
_a
MAGNITO: GERAL
942
_c
BK
999
_c
181651
_d
181651